| 000 | 01012nam a22003017a 4500 | ||
|---|---|---|---|
| 001 | 000305 | ||
| 003 | DO-SdBNP | ||
| 005 | 20220711122638.0 | ||
| 007 | 000305 | ||
| 008 | 160623b 2007 ag xxu||||| |||| 00| 0 spa d | ||
| 020 | _a9789500833516 | ||
| 040 |
_aBPMSU _bspa _cBPMSU |
||
| 092 |
_a863.3 _bC419d 2007 _222 |
||
| 100 | 1 |
_aCervantes, Miguel de, _d1547-1616 |
|
| 245 | 1 | 0 |
_aDon Quijote de la Mancha / _cMiguel de Cervantes Saavedra ; versión compilada por, Clemente Cimorra ; ilustrador Aniano Lisa |
| 250 | _a18a ed. | ||
| 260 |
_aBuenos Aires : _bAtlántida, _c2007. |
||
| 300 |
_a202 p. : _bil. ; _c20 cm. |
||
| 490 | 0 |
_aNueva biblioteca Billiken, _v30 |
|
| 590 | _6Inventariada, 2022/VM | ||
| 600 | 1 | 4 |
_aCervantes Saavedra, Miguel de _d1547-1616 _tDon Quijote de la Mancha |
| 650 | 4 | _aLiteratura española | |
| 650 | 4 | _aNovela española | |
| 700 | 1 |
_aCimora, Clemente, _ecompilador |
|
| 700 | 1 |
_aLisa, Aniano, _eilustraciones |
|
| 910 | _aLOPEREZ/ VMateo V. | ||
| 942 |
_2ddc _cBK |
||
| 999 |
_c10528 _d10528 |
||